000 00396nam a2200169Ia 4500
001 7889
003 IN-NITTTR
005 20251114233032.0
008 251113s9999||||xx |||||||||||||| ||eng||
040 _beng
040 _cIN-NITTTR
041 _aeng
082 _a623.045 N131E
100 _aNagaraja, N. S
245 0 _aElements of electronic navigation /
_cNagaraja, N. S
942 _2ddc
_cBK
999 _c10527
_d10527